Regionalliga Nord Teams 2025/26 - Statistiken

Allgemein
  • Dieses Quiz wurde 73 mal gespielt
  • Das Durchschnittsergebnis liegt bei 14 aus 18
Antwortstatistiken
Gründung Team % Korrekt
1903 1.FC Phönix Lübeck
94%
1919 VfB Lübeck
94%
1910 FC St. Pauli II
90%
1893 HSC Hannover
88%
1912 SV Meppen
88%
1899 SV Werder Bremen II
88%
1897 VfB Oldenburg
86%
1887 Hamburger SV II
84%
1930 SC Weiche Flensburg
84%
1946 BSV Kickers Emden
82%
1977 Drochtersen/Assel
80%
1906 Bremer SV
78%
1896 Hannover 96 II
78%
1893 Altona 93
73%
2003 FC Eintracht Norderstedt
73%
1951 SSV Jeddeloh
73%
1894 BW Lohne
63%
2011 FSV Schöningen
55%
Keine übereinstimmenden Quizze gefunden
Verteilung der Resultate
Anzahl Personen mit jedem Resultat
Perzentil nach korrekt beantworteten Fragen
Ihre Resultats-Entwicklung
Sie haben dieses Quiz noch nicht gespielt